000 00284nam a2200121 i 4500
001 bg
245 0 _aTeorija i konstrukcii derevoobrabatywajuščich masin.
260 _aMoskva,
_c1975.
040 _cBPK
041 _apol
942 _cKS
008 s pl f |000 0 pol
999 _c16502
_d16502
856 _uhttp://koha.tu.koszalin.pl/cgi-bin/koha/opac-detail.pl?biblionumber=16502
_yKatalog online BPK